00670cam a22002053a 45000010005000000030006000050050017000110080041000280400015000690420007000840500007000911000054000982450089001522600029002415060030002705160020003006530075003208300028003958560041004233048PGUSA20140828083025.0020101s2002||||xxu|||||s|||||000 1 eng d aPGUSAbeng adc 4aPZ1 aYonge, Charlotte M.q(Charlotte Mary),d1823-190114aThe Little Duke :bRichard the Fearlessh[electronic resource] /cCharlotte M. Yonge bProject Gutenberg,c2002 aPublic domain in the USA. aElectronic text aRichard I, Duke of Normandy, approximately 932-996 -- Juvenile fiction 0aProject Gutenbergv304840uhttp://www.gutenberg.org/ebooks/3048